000 00289nam a22001337a 4500
008 180126b xxu||||| |||| 00| 0 eng d
020 _a9780781758994
041 _aeng
080 _a3rd
100 _a7
101 _aNEU
245 _aHigh-yield Neuroanatomy
_cFix,J.D
942 _2udc
_cBK
999 _c41058
_d41058